[Event "World Chess Olympiad 2018"]
[Site "Batumi"]
[Date "2018.10.04"]
[Round "10"]
[Board "3"]
[WhiteFideId "12202606"]
[White "Mohamed Faisal"]
[BlackFideId "11800046"]
[Black "Grassi Enrico"]
[Result "1-0"]
[LiveChessVersion "1.4.8"]
[BlackElo "1965"]
[WhiteElo "2127"]

1. Nf3 {[%clk 1:30:52]} Nf6 {[%clk 1:30:55]} 2. c4 {[%clk 1:31:13]} g6
{[%clk 1:31:08]} 3. Nc3 {[%clk 1:31:26]} Bg7 {[%clk 1:31:31]} 4. e4
{[%clk 1:31:47]} d6 {[%clk 1:31:54]} 5. d4 {[%clk 1:32:06]} O-O {[%clk 1:32:17]}
6. Be2 {[%clk 1:32:32]} e5 {[%clk 1:31:57]} 7. d5 {[%clk 1:32:56]} Nbd7
{[%clk 1:31:33]} 8. O-O {[%clk 1:32:16]} Nc5 {[%clk 1:31:55]} 9. Qc2
{[%clk 1:31:49]} a5 {[%clk 1:32:17]} 10. Be3 {[%clk 1:32:02]} b6 {[%clk 1:29:51]}
11. Rab1 {[%clk 1:32:09]} Ng4 {[%clk 1:27:15]} 12. Bg5 {[%clk 1:31:27]} f6
{[%clk 1:27:02]} 13. Bh4 {[%clk 1:31:40]} g5 {[%clk 1:22:48]} 14. Bg3
{[%clk 1:31:31]} f5 {[%clk 1:21:03]} 15. h3 {[%clk 1:14:56]} Nh6 {[%clk 1:18:13]}
16. Ne1 {[%clk 1:11:49]} f4 {[%clk 1:18:07]} 17. Bh2 {[%clk 1:12:11]} g4
{[%clk 1:17:47]} 18. hxg4 {[%clk 1:11:52]} Nxg4 {[%clk 1:13:05]} 19. Bxg4
{[%clk 1:10:43]} Bxg4 {[%clk 1:13:29]} 20. f3 {[%clk 1:10:30]} Bd7
{[%clk 1:13:32]} 21. Qf2 {[%clk 1:02:51]} Kh8 {[%clk 1:08:45]} 22. Ne2
{[%clk 0:58:14]} Bh6 {[%clk 1:07:45]} 23. Rd1 {[%clk 0:55:53]} Qe7
{[%clk 0:59:35]} 24. Kh1 {[%clk 0:54:53]} Rf7 {[%clk 0:59:24]} 25. Rg1
{[%clk 0:49:39]} Rg8 {[%clk 0:59:13]} 26. Nd3 {[%clk 0:44:24]} Nxd3
{[%clk 0:54:45]} 27. Rxd3 {[%clk 0:44:48]} Rfg7 {[%clk 0:50:53]} 28. Rdd1
{[%clk 0:38:55]} Qf7 {[%clk 0:51:07]} 29. g4 {[%clk 0:14:49]} fxg3
{[%clk 0:51:23]} 30. Rxg3 {[%clk 0:12:28]} Rxg3 {[%clk 0:49:48]} 31. Bxg3
{[%clk 0:12:15]} Qh5+ {[%clk 0:49:32]} 32. Bh2 {[%clk 0:11:09]} Rf8
{[%clk 0:44:59]} 33. Rd3 {[%clk 0:08:54]} Bg5 {[%clk 0:38:02]} 34. Kg1
{[%clk 0:05:54]} Bh4 {[%clk 0:37:18]} 35. Bg3 {[%clk 0:05:45]} Qg5
{[%clk 0:30:05]} 36. Kf1 {[%clk 0:05:14]} Bxg3 {[%clk 0:29:19]} 37. Qxg3
{[%clk 0:05:32]} Qh5 {[%clk 0:28:11]} 38. Ke1 {[%clk 0:04:26]} Rg8
{[%clk 0:28:01]} 39. Qf2 {[%clk 0:04:51]} Qh1+ {[%clk 0:27:05]} 40. Qf1
{[%clk 0:33:30]} Qh4+ {[%clk 0:53:02]} 41. Kd2 {[%clk 0:33:23]} Rf8
{[%clk 0:50:30]} 42. Qg1 {[%clk 0:27:05]} Rg8 {[%clk 0:50:31]} 43. Qe1
{[%clk 0:22:48]} Qh2 {[%clk 0:50:08]} 44. Kc3 {[%clk 0:21:51]} Rg2
{[%clk 0:50:22]} 45. Re3 {[%clk 0:16:18]} Be8 {[%clk 0:48:42]} 46. Kd3
{[%clk 0:14:55]} Bh5 {[%clk 0:46:36]} 47. c5 {[%clk 0:08:15]} Be8
{[%clk 0:38:29]} 48. c6 {[%clk 0:06:56]} Bh5 {[%clk 0:38:53]} 49. Kc4
{[%clk 0:06:55]} Bxf3 {[%clk 0:35:16]} 50. Rxf3 {[%clk 0:06:58]} Rxe2
{[%clk 0:35:28]} 51. Qf1 {[%clk 0:07:04]} Rxe4+ {[%clk 0:35:07]} 52. Kb5
{[%clk 0:06:55]} Rf4 {[%clk 0:31:03]} 53. Ka6 {[%clk 0:07:11]} Rxf3
{[%clk 0:31:07]} 54. Qxf3 {[%clk 0:07:33]} Qf4 {[%clk 0:31:19]} 55. Qh3
{[%clk 0:07:20]} Qf7 {[%clk 0:28:18]} 56. Kb7 {[%clk 0:07:00]} Kg7
{[%clk 0:26:28]} 57. Qd7 {[%clk 0:06:56]} Kf6 {[%clk 0:23:55]} 58. Kxc7
{[%clk 0:05:04]} e4 {[%clk 0:23:47]} 59. Kxd6 {[%clk 0:03:40]} e3
{[%clk 0:23:57]} 60. Qxf7+ {[%clk 0:03:22]} Kxf7 {[%clk 0:24:18]} 61. c7
{[%clk 0:03:50]} e2 {[%clk 0:24:37]} 62. c8=Q {[%clk 0:04:00]} e1=Q
{[%clk 0:24:55]} 63. Qc7+ {[%clk 0:03:14]} Kf6 {[%clk 0:24:51]} 64. Qxb6
{[%clk 0:01:49]} Qe7+ {[%clk 0:19:25]} 65. Kc6 {[%clk 0:02:10]} Qe8+
{[%clk 0:19:35]} 66. Kc7+ {[%clk 0:02:13]} Kf5 {[%clk 0:18:50]} 67. d6
{[%clk 0:02:07]} Qe5 {[%clk 0:18:57]} 68. a4 {[%clk 0:01:28]} h5 {[%clk 0:19:18]}
69. Qb5 {[%clk 0:01:39]} h4 {[%clk 0:19:30]} 70. Qxe5+ {[%clk 0:02:02]} 1-0

[Event "World Chess Olympiad 2018"]
[Site "Batumi"]
[Date "2018.10.04"]
[Round "10"]
[Board "4"]
[WhiteFideId "11800038"]
[White "Righi Ezio"]
[BlackFideId "12200174"]
[Black "Khalid El Amin"]
[Result "1/2-1/2"]
[LiveChessVersion "1.4.8"]
[BlackElo "2054"]
[WhiteElo "2031"]

1. e4 {[%clk 1:30:56]} g6 {[%clk 1:30:54]} 2. d4 {[%clk 1:31:11]} Bg7
{[%clk 1:31:19]} 3. Nc3 {[%clk 1:31:28]} d6 {[%clk 1:31:28]} 4. Be3
{[%clk 1:31:35]} c6 {[%clk 1:30:50]} 5. Qd2 {[%clk 1:29:37]} b5 {[%clk 1:30:49]}
6. a3 {[%clk 1:28:31]} a6 {[%clk 1:30:30]} 7. Nf3 {[%clk 1:27:42]} Nf6
{[%clk 1:29:44]} 8. h3 {[%clk 1:25:48]} O-O {[%clk 1:28:11]} 9. Be2
{[%clk 1:22:32]} Qc7 {[%clk 1:27:54]} 10. Bh6 {[%clk 1:20:46]} e5
{[%clk 1:27:07]} 11. Bxg7 {[%clk 1:18:43]} Kxg7 {[%clk 1:27:27]} 12. dxe5
{[%clk 1:18:57]} dxe5 {[%clk 1:27:39]} 13. Rd1 {[%clk 1:19:04]} Nbd7
{[%clk 1:18:25]} 14. Qe3 {[%clk 1:18:34]} Bb7 {[%clk 1:17:59]} 15. Nh2
{[%clk 1:15:29]} Rad8 {[%clk 1:06:15]} 16. Bg4 {[%clk 1:11:47]} Ng8
{[%clk 1:02:10]} 17. Bxd7 {[%clk 1:09:18]} Rxd7 {[%clk 1:02:26]} 18. O-O
{[%clk 1:08:23]} Rfd8 {[%clk 1:02:30]} 19. Rxd7 {[%clk 1:08:28]} Rxd7
{[%clk 1:02:53]} 20. Qc5 {[%clk 0:57:25]} Qd6 {[%clk 0:59:00]} 21. Qxd6
{[%clk 0:57:30]} Rxd6 {[%clk 0:59:27]} 22. Rd1 {[%clk 0:57:49]} Rxd1+
{[%clk 0:59:41]} 23. Nxd1 {[%clk 0:58:14]} c5 {[%clk 0:58:07]} 24. f3
{[%clk 0:57:09]} Ne7 {[%clk 0:56:09]} 25. Kf2 {[%clk 0:54:38]} Nc6
{[%clk 0:55:59]} 26. Nf1 {[%clk 0:48:35]} Kf6 {[%clk 0:53:24]} 27. Nfe3
{[%clk 0:48:15]} Ke6 {[%clk 0:53:20]} 28. c3 {[%clk 0:46:06]} Na5
{[%clk 0:47:00]} 29. Ke2 {[%clk 0:45:36]} c4 {[%clk 0:45:07]} 30. g4
{[%clk 0:42:29]} f6 {[%clk 0:44:55]} 31. Nc2 {[%clk 0:35:35]} Nb3
{[%clk 0:44:45]} 32. Nf2 {[%clk 0:34:01]} Nc5 {[%clk 0:41:45]} 33. Ne3
{[%clk 0:32:24]} Na4 {[%clk 0:32:29]} 34. Nfd1 {[%clk 0:32:28]} Kd6
{[%clk 0:28:40]} 35. Kd2 {[%clk 0:31:32]} Nc5 {[%clk 0:27:13]} 36. Nf2
{[%clk 0:31:18]} Ne6 {[%clk 0:27:00]} 37. Ng2 {[%clk 0:24:41]} Bc8
{[%clk 0:24:02]} 38. Ke2 {[%clk 0:21:19]} Nc5 {[%clk 0:22:12]} 39. Ne3
{[%clk 0:21:28]} Be6 {[%clk 0:22:29]} 40. Kd2 {[%clk 0:50:31]} Na4
{[%clk 0:50:12]} 41. Nfd1 {[%clk 0:50:20]} a5 {[%clk 0:49:51]} 42. Ke2
{[%clk 0:48:32]} Kc5 {[%clk 0:49:32]} 43. Kd2 {[%clk 0:48:41]} Nb6
{[%clk 0:41:47]} 44. Ke2 {[%clk 0:46:27]} b4 {[%clk 0:37:04]} 45. axb4+
{[%clk 0:46:47]} axb4 {[%clk 0:37:23]} 46. Kd2 {[%clk 0:47:01]} Kb5
{[%clk 0:33:13]} 47. Kc2 {[%clk 0:46:22]} Nd7 {[%clk 0:30:20]} 48. Kd2
{[%clk 0:41:14]} Nc5 {[%clk 0:28:06]} 49. Nf2 {[%clk 0:41:27]} bxc3+
{[%clk 0:25:58]} 50. bxc3 {[%clk 0:41:28]} Ka4 {[%clk 0:25:28]} 51. Kc2
{[%clk 0:40:17]} Kb5 {[%clk 0:23:11]} 52. Kd2 {[%clk 0:40:19]} Nd7
{[%clk 0:23:12]} 53. Kc2 {[%clk 0:40:09]} Kc5 {[%clk 0:22:41]} 54. Kd2
{[%clk 0:39:04]} Nb6 {[%clk 0:22:32]} 55. Kc2 {[%clk 0:38:51]} Nc8
{[%clk 0:22:36]} 56. Kd2 {[%clk 0:38:05]} Nd6 {[%clk 0:21:48]} 57. Kc2
{[%clk 0:27:17]} h6 {[%clk 0:17:06]} 58. Kd2 {[%clk 0:27:10]} Kb5
{[%clk 0:15:48]} 59. Kc2 {[%clk 0:27:03]} f5 {[%clk 0:15:08]} 60. Kd2
{[%clk 0:24:39]} fxg4 {[%clk 0:13:40]} 61. Nfxg4 {[%clk 0:23:32]} Nf7
{[%clk 0:11:43]} 62. h4 {[%clk 0:23:00]} h5 {[%clk 0:10:48]} 63. Nf6
{[%clk 0:22:42]} g5 {[%clk 0:10:25]} 64. hxg5 {[%clk 0:22:05]} Nxg5
{[%clk 0:10:41]} 65. Nxh5 {[%clk 0:22:08]} Nxf3+ {[%clk 0:10:58]} 66. Kc1
{[%clk 0:18:51]} Kc5 {[%clk 0:09:44]} 67. Nf6 {[%clk 0:17:31]} Kd6
{[%clk 0:08:38]} 68. Kd1 {[%clk 0:15:00]} Ng5 {[%clk 0:08:14]} 69. Kc2
{[%clk 0:11:01]} Ke7 {[%clk 0:06:20]} 70. Nfd5+ {[%clk 0:10:54]} Bxd5
{[%clk 0:05:58]} 71. exd5 {[%clk 0:11:18]} Kd6 {[%clk 0:05:29]} 72. Nxc4+
{[%clk 0:11:41]} Kxd5 {[%clk 0:05:51]} 73. Nxe5 {[%clk 0:12:06]} 1/2-1/2

[Event "World Chess Olympiad 2018"]
[Site "Batumi"]
[Date "2018.10.04"]
[Round "10"]
[Board "1"]
[WhiteFideId "10100792"]
[White "Miguel Sergio"]
[BlackFideId "14306310"]
[Black "Degondo Simplice Armel"]
[Result "1/2-1/2"]
[LiveChessVersion "1.4.8"]
[BlackElo "2138"]
[WhiteElo "2285"]

1. e4 {[%clk 1:30:52]} e5 {[%clk 1:30:56]} 2. Nf3 {[%clk 1:31:18]} Nc6
{[%clk 1:31:22]} 3. Bb5 {[%clk 1:31:27]} a6 {[%clk 1:31:49]} 4. Ba4
{[%clk 1:31:52]} Nf6 {[%clk 1:32:11]} 5. O-O {[%clk 1:32:11]} b5 {[%clk 1:32:32]}
6. Bb3 {[%clk 1:32:40]} Be7 {[%clk 1:32:42]} 7. Re1 {[%clk 1:32:44]} O-O
{[%clk 1:33:10]} 8. d3 {[%clk 1:32:14]} d6 {[%clk 1:33:12]} 9. c3
{[%clk 1:31:59]} Na5 {[%clk 1:33:18]} 10. Bc2 {[%clk 1:32:27]} c5
{[%clk 1:33:45]} 11. Nbd2 {[%clk 1:32:18]} Re8 {[%clk 1:33:13]} 12. Nf1
{[%clk 1:31:49]} h6 {[%clk 1:33:29]} 13. Ng3 {[%clk 1:31:54]} Bf8
{[%clk 1:33:46]} 14. h3 {[%clk 1:28:08]} g6 {[%clk 1:33:51]} 15. Be3
{[%clk 1:26:08]} Bb7 {[%clk 1:33:01]} 16. Qd2 {[%clk 1:26:04]} Kh7
{[%clk 1:33:26]} 17. b4 {[%clk 1:26:26]} cxb4 {[%clk 1:31:52]} 18. cxb4
{[%clk 1:26:54]} Nc6 {[%clk 1:32:16]} 19. Bb3 {[%clk 1:18:18]} d5
{[%clk 1:25:10]} 20. Bc5 {[%clk 1:18:39]} dxe4 {[%clk 1:23:54]} 21. Nxe4
{[%clk 1:08:17]} Nxe4 {[%clk 1:23:47]} 22. Rxe4 {[%clk 1:08:37]} Bxc5
{[%clk 1:02:24]} 23. Rh4 {[%clk 1:08:26]} Qxh4 {[%clk 0:55:09]} 24. Nxh4
{[%clk 1:08:26]} Bxb4 {[%clk 0:55:37]} 25. Qe3 {[%clk 1:04:38]} Re7
{[%clk 0:53:57]} 26. Bd5 {[%clk 0:52:06]} Rd8 {[%clk 0:53:08]} 27. Be4
{[%clk 0:45:38]} f5 {[%clk 0:21:15]} 28. Bxc6 {[%clk 0:44:05]} Bxc6
{[%clk 0:21:42]} 29. Qb6 {[%clk 0:43:59]} Rd6 {[%clk 0:22:07]} 30. a3
{[%clk 0:39:43]} Bb7 {[%clk 0:18:01]} 31. Qa7 {[%clk 0:33:31]} Ba5
{[%clk 0:17:04]} 32. Qc5 {[%clk 0:33:48]} Ree6 {[%clk 0:15:08]} 33. Qa7
{[%clk 0:31:00]} Re7 {[%clk 0:15:25]} 34. Qc5 {[%clk 0:25:41]} Ree6
{[%clk 0:15:49]} 35. Rd1 {[%clk 0:23:31]} Bb6 {[%clk 0:15:04]} 36. Qb4
{[%clk 0:23:16]} e4 {[%clk 0:13:55]} 37. d4 {[%clk 0:21:39]} Bd5 {[%clk 0:14:00]}
38. g3 {[%clk 0:19:07]} Bc4 {[%clk 0:12:55]} 39. Ng2 {[%clk 0:12:27]} Rxd4
{[%clk 0:41:40]} 40. Rxd4 {[%clk 0:42:15]} Bxd4 41. Nf4 {[%clk 0:39:27]} e3
{[%clk 0:27:09]} 42. fxe3 {[%clk 0:32:04]} Bxe3+ 43. Kg2 {[%clk 0:31:40]} Bxf4
{[%clk 0:27:29]} 44. gxf4 {[%clk 0:32:09]} g5 {[%clk 0:20:50]} 45. Qf8
{[%clk 0:31:23]} Kg6 {[%clk 0:20:54]} 46. Qg8+ {[%clk 0:31:09]} Kh5
{[%clk 0:19:40]} 47. Qf7+ {[%clk 0:29:00]} Rg6 {[%clk 0:18:28]} 48. Qe8
{[%clk 0:29:22]} Bd5+ {[%clk 0:14:42]} 49. Kg3 {[%clk 0:29:26]} Be4
{[%clk 0:15:08]} 50. Qf7 {[%clk 0:28:38]} Bd3 {[%clk 0:13:04]} 51. Kf3
{[%clk 0:23:38]} Bb1 {[%clk 0:12:44]} 52. Qe8 {[%clk 0:23:43]} Bd3
{[%clk 0:12:43]} 53. Kg3 {[%clk 0:23:17]} Be4 {[%clk 0:13:11]} 54. Qh8
{[%clk 0:21:13]} gxf4+ {[%clk 0:12:07]} 55. Kxf4 {[%clk 0:21:37]} Rc6
{[%clk 0:12:16]} 56. Qd4 {[%clk 0:18:58]} Kg6 {[%clk 0:12:25]} 57. Qg1+
{[%clk 0:18:42]} Kf7 {[%clk 0:12:53]} 58. h4 {[%clk 0:18:09]} Ke6
{[%clk 0:12:57]} 59. Qd4 {[%clk 0:17:45]} Ke7 {[%clk 0:13:23]} 60. Ke5
{[%clk 0:15:26]} Re6+ {[%clk 0:13:39]} 1/2-1/2

[Event "World Chess Olympiad 2018"]
[Site "Batumi"]
[Date "2018.10.04"]
[Round "10"]
[Board "2"]
[WhiteFideId "20800088"]
[White "Ble Kouko Hubert"]
[BlackFideId "10100091"]
[Black "Soares Erikson Roberto Mauricio"]
[Result "1/2-1/2"]
[LiveChessVersion "1.4.8"]
[BlackElo "2283"]
[WhiteElo "1829"]

1. Nf3 {[%clk 1:30:58]} d5 {[%clk 1:30:54]} 2. c4 {[%clk 1:30:18]} e6
{[%clk 1:31:17]} 3. d4 {[%clk 1:30:09]} c6 {[%clk 1:31:41]} 4. e3
{[%clk 1:26:52]} Nf6 {[%clk 1:31:42]} 5. Nc3 {[%clk 1:26:58]} Nbd7
{[%clk 1:32:04]} 6. Bd3 {[%clk 1:26:10]} dxc4 {[%clk 1:32:25]} 7. Bxc4
{[%clk 1:26:11]} b5 {[%clk 1:32:54]} 8. Bd3 {[%clk 1:26:12]} a6 {[%clk 1:33:21]}
9. O-O {[%clk 1:26:20]} Bb7 {[%clk 1:33:24]} 10. e4 {[%clk 1:15:13]} c5
{[%clk 1:33:52]} 11. Bg5 {[%clk 1:10:08]} cxd4 {[%clk 1:29:42]} 12. Nxd4
{[%clk 1:08:58]} Ne5 {[%clk 1:29:59]} 13. Bc2 {[%clk 1:07:49]} Bc5
{[%clk 1:29:17]} 14. Nb3 {[%clk 1:07:13]} Bb6 {[%clk 1:27:33]} 15. Qe2
{[%clk 1:05:37]} O-O {[%clk 1:23:35]} 16. Rad1 {[%clk 1:02:11]} Qe7
{[%clk 1:13:22]} 17. Bb1 {[%clk 0:51:26]} Rfd8 {[%clk 1:10:18]} 18. h3
{[%clk 0:51:15]} h6 {[%clk 1:09:29]} 19. Bh4 {[%clk 0:48:54]} Ng6
{[%clk 1:07:53]} 20. Bg3 {[%clk 0:48:48]} e5 {[%clk 1:07:52]} 21. Rfe1
{[%clk 0:46:23]} Bd4 {[%clk 1:04:37]} 22. Nd5 {[%clk 0:38:19]} Nxd5
{[%clk 0:58:10]} 23. exd5 {[%clk 0:38:35]} Qf6 {[%clk 0:53:04]} 24. Bxg6 Qxg6 25.
Nxd4 {[%clk 0:31:33]} exd4 {[%clk 0:53:20]} 26. d6 {[%clk 0:28:05]} Rxd6
{[%clk 0:36:31]} 27. Qe7 {[%clk 0:28:04]} Rb6 {[%clk 0:36:53]} 28. Rxd4
{[%clk 0:27:14]} a5 {[%clk 0:29:11]} 29. a3 {[%clk 0:18:57]} Qf6 {[%clk 0:22:30]}
30. Qxf6 {[%clk 0:15:49]} Rxf6 {[%clk 0:22:53]} 31. Re7 {[%clk 0:15:55]} Bc6
{[%clk 0:22:40]} 32. Rc7 {[%clk 0:15:13]} Re8 {[%clk 0:22:18]} 33. Rd2
{[%clk 0:14:18]} Rg6 {[%clk 0:13:50]} 34. Ra7 {[%clk 0:13:26]} a4
{[%clk 0:10:25]} 35. Rc7 {[%clk 0:13:29]} f5 {[%clk 0:08:57]} 36. Rd6
{[%clk 0:10:45]} Re1+ {[%clk 0:08:18]} 37. Kh2 {[%clk 0:10:54]} Rxd6
{[%clk 0:08:46]} 38. Bxd6 {[%clk 0:11:21]} Be8 1/2-1/2

[Event "World Chess Olympiad 2018"]
[Site "Batumi"]
[Date "2018.10.04"]
[Round "10"]
[Board "3"]
[WhiteFideId "10100431"]
[White "Oliveira Luciano"]
[BlackFideId "21200203"]
[Black "Kouya Tyeoulou Bernardin Franklin"]
[Result "1-0"]
[LiveChessVersion "1.4.8"]
[BlackElo "1753"]
[WhiteElo "2216"]

1. d4 {[%clk 1:30:58]} d5 {[%clk 1:30:53]} 2. Nf3 {[%clk 1:31:23]} Nf6
{[%clk 1:31:10]} 3. c4 {[%clk 1:31:47]} c6 {[%clk 1:31:30]} 4. Nc3
{[%clk 1:32:08]} e6 {[%clk 1:31:42]} 5. e3 {[%clk 1:32:13]} Nbd7 {[%clk 1:31:09]}
6. Bd3 {[%clk 1:31:50]} Bd6 {[%clk 1:31:17]} 7. g4 {[%clk 1:28:16]} O-O
{[%clk 1:26:15]} 8. g5 {[%clk 1:24:24]} Ne8 {[%clk 1:26:34]} 9. Rg1
{[%clk 1:21:27]} b6 {[%clk 1:25:48]} 10. cxd5 {[%clk 1:21:08]} cxd5
{[%clk 1:25:53]} 11. h4 {[%clk 1:20:30]} f5 {[%clk 1:25:28]} 12. Qb3
{[%clk 1:12:28]} Nc7 {[%clk 1:24:36]} 13. h5 {[%clk 1:09:29]} Bb7
{[%clk 1:23:56]} 14. Bd2 {[%clk 1:08:38]} Rc8 {[%clk 1:24:03]} 15. a4
{[%clk 1:04:11]} Kh8 {[%clk 1:18:11]} 16. Nh4 {[%clk 1:04:28]} a6
{[%clk 1:16:53]} 17. Qd1 {[%clk 1:02:12]} Be7 {[%clk 1:13:45]} 18. f4
{[%clk 1:00:36]} Ne8 {[%clk 1:13:55]} 19. Ng6+ {[%clk 0:59:43]} Kg8
{[%clk 1:13:38]} 20. Nxf8 {[%clk 0:59:59]} Bxf8 {[%clk 1:13:34]} 21. Rc1
{[%clk 0:58:09]} Nd6 {[%clk 1:13:17]} 22. b3 {[%clk 0:58:01]} Rc7
{[%clk 1:11:47]} 23. Qe2 {[%clk 0:57:54]} Nb8 {[%clk 1:11:28]} 24. Kf2
{[%clk 0:58:03]} Be7 {[%clk 1:10:53]} 25. Rc2 {[%clk 0:57:05]} Ne4+
{[%clk 1:10:39]} 26. Bxe4 {[%clk 0:56:59]} fxe4 {[%clk 1:10:19]} 27. Qg4
{[%clk 0:56:34]} Bc8 {[%clk 1:10:26]} 28. Rgc1 {[%clk 0:56:36]} e5
{[%clk 1:09:11]} 29. Qg3 {[%clk 0:56:46]} exd4 {[%clk 1:08:34]} 30. exd4
{[%clk 0:56:56]} Nc6 {[%clk 1:06:09]} 31. Ne2 {[%clk 0:56:37]} Bb7
{[%clk 1:06:10]} 32. f5 {[%clk 0:56:10]} Rc8 {[%clk 1:05:10]} 33. f6
{[%clk 0:54:30]} Bf8 {[%clk 1:04:32]} 34. Qg4 {[%clk 0:54:12]} Qd6
{[%clk 1:04:40]} 35. Bf4 {[%clk 0:48:08]} Qb4 {[%clk 1:03:38]} 36. Qe6+
{[%clk 0:47:49]} Kh8 {[%clk 1:04:07]} 37. Rxc6 {[%clk 0:45:56]} Rxc6
{[%clk 1:03:43]} 38. fxg7+ {[%clk 0:46:12]} Bxg7 {[%clk 1:03:52]} 39. Rxc6
{[%clk 0:45:55]} Bxc6 {[%clk 1:02:12]} 40. Qxc6 {[%clk 1:16:12]} Bxd4+
{[%clk 1:31:41]} 41. Kg2 {[%clk 1:15:56]} Qxb3 {[%clk 1:30:59]} 42. Qe8+
{[%clk 1:16:12]} Kg7 {[%clk 1:30:39]} 43. h6# {[%clk 1:16:40]} 1-0

[Event "World Chess Olympiad 2018"]
[Site "Batumi"]
[Date "2018.10.04"]
[Round "10"]
[Board "1"]
[WhiteFideId "15200540"]
[White "Beukes Dante M"]
[BlackFideId "20500220"]
[Black "Mphungu Gerrard"]
[Result "1/2-1/2"]
[LiveChessVersion "1.4.8"]
[BlackElo "2091"]
[WhiteElo "2155"]

1. e4 {[%clk 1:30:56]} c5 {[%clk 1:30:52]} 2. Nf3 {[%clk 1:31:22]} d6
{[%clk 1:31:18]} 3. d4 {[%clk 1:31:49]} cxd4 {[%clk 1:31:46]} 4. Nxd4
{[%clk 1:32:13]} Nf6 {[%clk 1:29:30]} 5. Nc3 {[%clk 1:32:41]} a6 {[%clk 1:28:58]}
6. Bg5 {[%clk 1:33:05]} e6 {[%clk 1:29:18]} 7. f4 {[%clk 1:33:32]} Qb6
{[%clk 1:29:42]} 8. Qd2 {[%clk 1:33:58]} Qxb2 {[%clk 1:30:07]} 9. Rb1
{[%clk 1:34:24]} Qa3 {[%clk 1:30:33]} 10. e5 {[%clk 1:34:50]} h6 {[%clk 1:29:51]}
11. Bh4 {[%clk 1:35:13]} dxe5 {[%clk 1:30:15]} 12. fxe5 {[%clk 1:35:37]} g5
{[%clk 1:30:00]} 13. Bf2 {[%clk 1:35:43]} Ng4 {[%clk 1:23:23]} 14. Bg3
{[%clk 1:36:06]} Nd7 {[%clk 1:23:21]} 15. Be2 {[%clk 1:36:24]} Ngxe5
{[%clk 1:19:45]} 16. Nxe6 {[%clk 1:36:44]} fxe6 {[%clk 0:42:57]} 17. Bh5+
{[%clk 1:37:07]} Ke7 {[%clk 0:42:47]} 18. Qe3 {[%clk 1:37:13]} Qa5
{[%clk 0:38:10]} 19. O-O {[%clk 1:37:10]} Bg7 {[%clk 0:37:28]} 20. Ne4
{[%clk 1:34:42]} b5 {[%clk 0:35:04]} 21. Kh1 {[%clk 1:27:52]} Qb6
{[%clk 0:31:12]} 22. Qa3+ {[%clk 1:19:28]} Kd8 {[%clk 0:27:32]} 23. Nd6
{[%clk 1:11:03]} b4 {[%clk 0:25:45]} 24. Nf7+ {[%clk 1:10:34]} Nxf7
{[%clk 0:23:26]} 25. Rxb4 {[%clk 1:00:50]} Bf8 {[%clk 0:20:42]} 26. Rxb6
{[%clk 1:00:13]} Bxa3 {[%clk 0:21:05]} 27. Rxf7 {[%clk 1:00:35]} e5
{[%clk 0:12:11]} 28. Rb3 {[%clk 0:58:21]} Be7 {[%clk 0:08:37]} 29. Bf3
{[%clk 0:50:13]} Ra7 {[%clk 0:05:55]} 30. Bf2 {[%clk 0:47:21]} Rc7
{[%clk 0:05:39]} 31. Rd3 {[%clk 0:47:32]} Bc5 {[%clk 0:02:40]} 32. Be1
{[%clk 0:47:06]} Bb6 {[%clk 0:02:09]} 33. Bg4 {[%clk 0:46:06]} Ke8
{[%clk 0:01:55]} 34. Bh5 {[%clk 0:46:05]} Kd8 {[%clk 0:02:15]} 35. Bg4
{[%clk 0:42:35]} Rxc2 {[%clk 0:02:13]} 36. Bxd7 {[%clk 0:40:40]} Bxd7
{[%clk 0:02:41]} 37. Rdxd7+ {[%clk 0:38:31]} Kc8 {[%clk 0:02:59]} 38. Rd1
{[%clk 0:36:11]} Rxa2 {[%clk 0:01:31]} 39. Rb1 {[%clk 0:34:42]} Bd4
{[%clk 0:01:18]} 40. Bb4 {[%clk 0:59:46]} a5 {[%clk 0:30:40]} 41. Rc1+
{[%clk 0:51:11]} Kb8 {[%clk 0:29:38]} 42. Bd6+ {[%clk 0:51:36]} Ka8
{[%clk 0:29:48]} 43. h3 {[%clk 0:48:37]} Ra1 {[%clk 0:16:19]} 44. Rxa1
{[%clk 0:47:48]} Bxa1 {[%clk 0:16:48]} 45. Re7 {[%clk 0:47:51]} 1/2-1/2

[Event "World Chess Olympiad 2018"]
[Site "Batumi"]
[Date "2018.10.04"]
[Round "10"]
[Board "2"]
[WhiteFideId "20500254"]
[White "Mwale George"]
[BlackFideId "15200019"]
[Black "Mueller Leonhard"]
[Result "1-0"]
[LiveChessVersion "1.4.8"]
[BlackElo "2190"]
[WhiteElo "2000"]

1. e4 {[%clk 1:30:55]} c5 {[%clk 1:30:52]} 2. c3 {[%clk 1:31:18]} d5
{[%clk 1:30:20]} 3. exd5 {[%clk 1:31:44]} Qxd5 {[%clk 1:30:43]} 4. d4
{[%clk 1:32:08]} Nc6 {[%clk 1:30:49]} 5. Nf3 {[%clk 1:32:27]} Bg4
{[%clk 1:30:44]} 6. Be2 {[%clk 1:32:26]} cxd4 {[%clk 1:30:44]} 7. cxd4
{[%clk 1:32:46]} Nf6 {[%clk 1:30:59]} 8. Nc3 {[%clk 1:33:07]} Qa5
{[%clk 1:31:19]} 9. O-O {[%clk 1:33:14]} e6 {[%clk 1:31:35]} 10. Qb3
{[%clk 1:32:17]} Qb4 {[%clk 1:31:33]} 11. Nb5 {[%clk 1:31:45]} Nd5
{[%clk 1:23:08]} 12. h3 {[%clk 1:27:39]} Bh5 {[%clk 1:17:09]} 13. g4
{[%clk 1:27:08]} Bg6 {[%clk 1:17:24]} 14. Bc4 {[%clk 1:25:31]} O-O-O
{[%clk 1:06:52]} 15. Ne5 {[%clk 1:20:54]} Nxe5 {[%clk 1:01:59]} 16. dxe5
{[%clk 1:20:58]} Qxb3 {[%clk 0:53:44]} 17. Nxa7+ {[%clk 1:20:30]} Kb8
{[%clk 0:53:54]} 18. axb3 {[%clk 1:20:55]} Bc5 {[%clk 0:49:19]} 19. Nb5
{[%clk 1:20:58]} h5 {[%clk 0:45:27]} 20. g5 {[%clk 1:18:08]} f6 {[%clk 0:45:18]}
21. exf6 {[%clk 1:15:13]} gxf6 {[%clk 0:44:31]} 22. gxf6 {[%clk 1:10:35]} Rhg8
{[%clk 0:17:00]} 23. Kh2 {[%clk 1:10:22]} Be8 {[%clk 0:10:01]} 24. Rg1
{[%clk 0:57:12]} Bxb5 {[%clk 0:08:05]} 25. Bxb5 {[%clk 0:57:12]} Rgf8
{[%clk 0:07:01]} 26. Rg6 {[%clk 0:54:21]} Bxf2 {[%clk 0:07:12]} 27. Bh6
{[%clk 0:54:12]} Rf7 {[%clk 0:06:02]} 28. Bg5 {[%clk 0:51:06]} Bd4
{[%clk 0:05:57]} 29. Re1 {[%clk 0:24:30]} Bxf6 {[%clk 0:06:09]} 30. Bxf6
{[%clk 0:23:35]} Nxf6 {[%clk 0:04:35]} 31. Rxe6 {[%clk 0:23:26]} Rd2+
{[%clk 0:04:54]} 32. Kg3 {[%clk 0:23:21]} Nd5 {[%clk 0:04:52]} 33. Bc4
{[%clk 0:23:06]} Rd7 {[%clk 0:02:26]} 34. Rd6 {[%clk 0:22:17]} Ne3
{[%clk 0:01:56]} 35. Rxd7 {[%clk 0:21:31]} Rxd7 {[%clk 0:02:22]} 36. Be6
{[%clk 0:21:41]} Rd4 {[%clk 0:01:55]} 37. Rh6 {[%clk 0:21:25]} Re4
{[%clk 0:01:32]} 38. Kf3 {[%clk 0:21:16]} Re5 {[%clk 0:00:41]} 1-0